|
|
|
|
| LEADER |
00000cam a2200000 7i4500 |
| 001 |
0000028085 |
| 005 |
20241121.0 |
| 008 |
180815 ne a eng |
| 020 |
|
|
|a 9789058090850
|
| 040 |
|
|
|a INS
|b eng
|e rda
|
| 090 |
0 |
0 |
|a TD899
|b M47 2000
|
| 110 |
2 |
|
|a Environmental issues and management of waste in energy and mineral production (International conference) .
|b 6th May 2000 May at Calgary, Canada
|
| 245 |
1 |
0 |
|a Environmental issues and management of waste in energy and mineral production
|c edited by Raj K. Singhal, Anil K. Mehrotra
|
| 264 |
|
1 |
|a Rotterdam, Netherlands :
|b A.A. Balkema
|c 2000
|
| 264 |
|
4 |
|c ©2000
|
| 300 |
|
|
|a xvi, 791 pages :
|b illustrations ;
|c 25 cm.
|
| 336 |
|
|
|a text
|2 rdacontent
|
| 337 |
|
|
|a unmediated
|2 rdamedia
|
| 338 |
|
|
|a volume
|2 rdacarrier
|
| 500 |
|
|
|a Includes index
|
| 504 |
|
|
|a Includes bibliographical references
|
| 650 |
|
0 |
|a Abandoned mined lands reclamation
|x Congresses
|
| 650 |
|
0 |
|a Energy industries
|x Environmental aspects
|x Congresses
|
| 650 |
|
0 |
|a Energy industries
|x Waste disposal
|x Congresses
|
| 650 |
|
0 |
|a Mineral industries
|x Environmental aspects
|x Congresses
|
| 650 |
|
0 |
|a Mineral industries
|x Waste disposal
|x Congresses
|
| 650 |
|
0 |
|a Sustainable development
|v Congresses
|
| 700 |
1 |
|
|a Mehrotra, Anil K. ,
|e editor
|
| 700 |
1 |
|
|a Singhal, Raj. K. ,
|e editor
|
| 999 |
|
|
|a 1000003546
|b BOOK
|c Open Shelf
|e Default branch
|